'D' Entertainment Images Quiz Stats

 Plays Quiz Updated Apr 23, 2014

Challenge
Share
Tweet
Score 0/30 Timer 04:00
19 Plays Today
% Correct
________________
100%
________________
99.9%
________________
99.9%
________________
99.9%
________________
99.9%
________________
99.9%
Dumbo
94.6%
Dopey
81.6%
Daphne Blake
77%
Dexter Morgan
71.7%
Doug Funnie
70.8%
Dr. No
69.4%
Doogie Howser
68.3%
Dilbert
66.8%
Dr. Dolittle
64.1%
% Correct
Dr. Dre
63.5%
Dennis Mitchell
62.7%
Don Draper
60%
Duffman
59.9%
Dwight Schrute
59.5%
The Dixie Chicks
57.8%
Daredevil
53.4%
Dick Tracy
52.7%
Dr. Zhivago
52%
Darkwing Duck
51.5%
Daria Morgendorffer
51.3%
Dr. Strangelove...
43%
The Doors
40.2%
Dire Straits
30.4%
Dormouse
25.8%

You're not logged in!

Compare scores with friends on all Sporcle quizzes.
Join for Free
OR
Log In

You Might Also Like...

Show Comments

Extras

Top Quizzes Today


Score Distribution

Your Account Isn't Verified!

In order to create a playlist on Sporcle, you need to verify the email address you used during registration. Go to your Sporcle Settings to finish the process.

Report this User

Report this user for behavior that violates our Community Guidelines.

Details: